000 00926cam a2200253 a 4500
001 93
003 BR-CuiBMT
005 20231114032712.0
008 230811s2022 mgb 000 0 por d
020 _a9786555183535
040 _aBR-CuiBMT
_cBR-CuiBMT
080 _22007
_a35.078.2
_x(81)
090 _a35.078.2(81)
_bL732a
100 1 _aLima, Gislene Rocha de
245 1 0 _aAnálise de impacto regulatório e serviços públicos :
_binstabilidades institucionais /
_cGislene Rocha de Lima ; prefácio Rômulo Guilherme Leitão ; apresentação Filomeno Moraes.
260 _aBelo Horizonte :
_bFórum,
_c2022.
300 _a247 p. ;
_c22 cm
504 _aInclui bibliografia.
650 _aServiços públicos
_xRegulação governamental
_zBrasil
650 _aAdministração pública
_xAtividade regulatória
650 _aAnálise de Impacto Regulatório (AIR)
650 _aPoder regulamentar
_zBrasil
942 _2udc
_cLV
999 _c93
_d93